Pulse, global market perspective (Record no. 109391)
[ view plain ]
| 000 -LEADER | |
|---|---|
| fixed length control field | 01228cad a22002295a 4500 |
| 001 - CONTROL NUMBER | |
| control field | L147004 |
| 008 - FIXED-LENGTH DATA ELEMENTS--GENERAL INFORMATION | |
| fixed length control field | 090323e20090316xxk f 000 0 eng d |
| 035 ## - SYSTEM CONTROL NUMBER | |
| System control number | (Sirsi) u147004 |
| 041 0# - LANGUAGE CODE | |
| Language code of text/sound track or separate title | eng |
| 050 04 - LIBRARY OF CONGRESS CALL NUMBER | |
| Classification number | 333.33 $2 18 |
| 110 2# - MAIN ENTRY--CORPORATE NAME | |
| Corporate name or jurisdiction name as entry element | Jones Lang LaSalle |
| 9 (RLIN) | 3755 |
| 245 00 - TITLE STATEMENT | |
| Title | Pulse, global market perspective |
| Remainder of title | economic setbacks hinder real estate revival |
| Medium | [electronic resource] |
| 260 ## - PUBLICATION, DISTRIBUTION, ETC. | |
| Place of publication, distribution, etc. | [S.l.] |
| Name of publisher, distributor, etc. | Jones Lang LaSalle |
| Date of publication, distribution, etc. | 2009 |
| 490 #0 - SERIES STATEMENT | |
| Series statement | Pulse |
| -- | Global Market Perspective |
| Volume/sequential designation | (2)3 16 March 2009 |
| 520 ## - SUMMARY, ETC. | |
| Summary, etc. | Latest issue of this regular bulletin suggests that government stimulus packages have not acheived major positive results to date, and that the bottom of the downturn will not be reached until risk aversion ceases. Quotes figures from the OECD which show the outlook worsening for the seven major economies and many non-member economies. However, there is some evdience that the pace of decline may be slowing. |
| 521 ## - TARGET AUDIENCE NOTE | |
| Target audience note | Advanced |
| 590 ## - LOCAL NOTE (RLIN) | |
| Local note | KA |
| 651 #4 - SUBJECT ADDED ENTRY--GEOGRAPHIC NAME | |
| Geographic name | International |
| 690 ## - LOCAL SUBJECT ADDED ENTRY--TOPICAL TERM (OCLC, RLIN) | |
| Topical term or geographic name as entry element | PROPERTY-COMMERCIAL PROPERTY-COMMERCIAL PROPERTY MARKET |
| 856 40 - ELECTRONIC LOCATION AND ACCESS | |
| Uniform Resource Identifier | <a href="https://www.joneslanglasalle.com/Pages/GlobalMarketPerspective.aspx">https://www.joneslanglasalle.com/Pages/GlobalMarketPerspective.aspx</a> |
| Public note | View the bulletin free of charge at www.joneslanglasalle.com... |
| 942 ## - ADDED ENTRY ELEMENTS (KOHA) | |
| Suppress in OPAC | 0 |
| Withdrawn status | Lost status | Source of classification or shelving scheme | Damaged status | Not for loan | Home library | Current library | Shelving location | Date acquired | Total Checkouts | Full call number | Barcode | Date last seen | Copy number | Price effective from | Koha item type |
|---|---|---|---|---|---|---|---|---|---|---|---|---|---|---|---|
| Dewey Decimal Classification | Virtual | Virtual | Online | 23/03/2009 | ONLINE PUBLICATION | 147004-2001 | 06/08/2019 | 1 | 06/08/2019 | Book |